00440nam a22001337a 4500082001900000100002100019245008100040260005000121300001600171526003700187526003700224526003700261650000800298 a624.15bWOLcD aWolf, Thomas F. aShort courses in soil mechanics and foundation engineering /cThomas F, Wolf aPakistan :bPakistan Military College,c1990. aMisc Pages. a0b0c0d624_150000000000000_WOL a0b0c0d624_150000000000000_WOL a0b0c0d624_150000000000000_WOL aMCE